India's political economy 1947-2004 : (Record no. 4479)

MARC details
000 -LEADER
fixed length control field 00663 a2200193 4500
010 ## - LCCN (DPL NO)
LC control number ENG-86376
020 ## - INTERNATIONAL STANDARD BOOK NUMBER
International Standard Book Number 9780195683790
Terms of availability 395.00
035 ## - SYSTEM CONTROL NUMBER
System control number EN-69909
037 ## - SOURCE OF ACQUISITION
Source of stock number/acquisition DBAD / PUB
082 14 - DEWEY DECIMAL CLASSIFICATION NUMBER
Classification number 330.954
100 ## - MAIN ENTRY--PERSONAL NAME
Personal name Frankel, Francine R
245 1# - TITLE STATEMENT
Title India's political economy 1947-2004 :
Statement of responsibility, etc by Francine R. Frankel
Remainder of title the gradual revolution /
250 ## - EDITION STATEMENT
Edition statement 2nd ed.
260 ## - PUBLICATION, DISTRIBUTION, ETC. (IMPRINT)
Place of publication, distribution, etc New Delhi
Name of publisher, distributor, etc Oxford University Press
Date of publication, distribution, etc 2006
270 ## - ADDRESS
Address YMCA Library Building, Jai Singh Road
City New Delhi
State or province New Delhi
Postal code 110 001
300 ## - PHYSICAL DESCRIPTION
Extent xx, 819p.
Dimensions 24cm (pbk)
500 ## - GENERAL NOTE
General note Includes bibliographical references and index
942 ## - ADDED ENTRY ELEMENTS (KOHA)
Institution code [OBSOLETE] dpl
Item type English Books
Source of classification or shelving scheme Dewey Decimal Classification
Classification part 330.954
Call number suffix FRA
Holdings
Withdrawn status Lost status Not for loan Collection code Home library Current library Source of acquisition Cost, normal purchase price Full call number Barcode Copy number Cost, replacement price Koha item type
    Not For Loan Non-fiction D.B.Act.Division D.B.Act.Division DBAD/PUB 395.00 330.954 FRA EN-69909 1 395.00 English Books

© Delhi Public Library
Hit Counter
free hit counter